|
|
|
|
| LEADER |
00000nab a2200000 a 4500 |
| 001 |
vtls000408244 |
| 003 |
SK-MaSNL |
| 005 |
20260304081829.0 |
| 008 |
250424c1990 xo 0 slo |
| 015 |
|
|
|a SNBRB19rr/mm-uuuuu
|
| 035 |
|
|
|a CL0408368
|
| 035 |
|
|
|a urn:nbn:sk:snk-ab2nfn
|
| 035 |
|
|
|a (urnnbn)urn:nbn:sk:snk:ar-a02o5s
|
| 035 |
|
|
|a (uuid)174e0967-361d-4474-962e-66507bc82287
|
| 040 |
|
|
|a SNKBUCL
|b slo
|c SNKBUCL
|e AACR2
|
| 041 |
0 |
|
|a slo
|
| 044 |
|
|
|a xo
|c SK
|
| 080 |
|
|
|a 069.6.02:73/76
|2 1981
|
| 080 |
|
|
|a 73/76
|2 1981
|
| 100 |
1 |
|
|a Čelková, Mária,
|d 1950-
|4 aut
|9 98499
|
| 245 |
1 |
0 |
|a Galéria národného umelca Jozefa Kollára v Banskej Štiavnici
|c Mária Čelková
|
| 300 |
|
|
|b Obr. 7.
|
| 610 |
2 |
7 |
|a Galéria Jozefa Kollára (Banská Štiavnica, Slovensko)
|2 snkbucl
|9 32564
|
| 655 |
|
7 |
|a články z novín a časopisov
|2 snkbucl
|9 267496
|
| 773 |
0 |
|
|t Múzeum
|g Roč. 35, č. 4 (1990), s. 63-67
|
| 850 |
|
|
|a Slovenská národná knižnica
|
| 852 |
|
|
|a Slovenská národná knižnica
|
| 954 |
|
|
|a odborná, vedecká literatúra pôvodná (slovenská)
|2 lita
|
| 957 |
|
|
|a 5312
|
| 958 |
|
|
|a article27
|
| 958 |
|
|
|a OND
|
| 958 |
|
|
|a EUIPO
|
| 992 |
|
|
|a RBX
|
| 999 |
|
|
|c 2792421
|d 2794351
|